000 00882nam a2200253Ia 4500
003 OSt
005 20220923222243.0
006 a|||||r|||| 00| 0
007 ta
008 220922b |||||||| |||| 00| 0 guj d
024 _a204,033
037 _cTextual
040 _aARTS
_cARTS
_bguj
041 _2guj
_aguj
082 _aO156vN3, 152K3
100 _aदबे, जयंत कृष्ण हरिकृष्ण
_9166437
245 0 _aगुजराती साहित्य का इतिहास
246 _aGujarātī sāhitya kā itihāsa
260 _aलखनऊ
_b हिन्दी समिति
_c1963
300 _a334पृ0
_ccm.
650 _aगुजराती साहित्य
942 _hO156vN3, 152K3
_cTEXL
_2CC
999 _c354783
_d354783